000 00509nam a2200205Ia 4500
005 20250326145437.0
008 250326s9999 xx 000 0 und d
037 _aTextbook
040 _aFMSL
_beng
_cFMSL
041 _aeng
_2eng
084 _qFMSL
100 _aSharma J P
245 0 _aCorporate goverce business ethics and CSR
_cSharma J P
250 _a2
260 _aNew Delhi
_bNew Delhi, Ane
_c2016
365 _b895
650 _aManagement
942 _cTB
999 _c1307594
_d1307594